Dějiny dvacátého století /

Gespeichert in:
Bibliographische Detailangaben
1. Verfasser: Johnson, Paul (Verfasst von)
Format: Buch
Sprache:Tschechisch
Veröffentlicht: Praha : Rozmluvy, 1991
Tags: Tag hinzufügen
Keine Tags, Fügen Sie das erste Tag hinzu!

MARC

LEADER 00000nam a22000003a 4500
001 stu906
005 20150617225621.9
008 911218s1991----cs------------------cze-d
040 |a STU  |b slo 
041 0 |a cze 
044 |a cs 
080 |a 9(4/9"19" 
100 1 |a Johnson, Paul  |4 aut 
245 1 |a Dějiny dvacátého století /  |c [aut.] Johnson,Paul 
260 |a Praha :  |b Rozmluvy,  |c 1991 
300 |a 845 s 
996 |b E75810  |c R*75810  |l RRUM  |s A  |a 24  |w stu906_0001